=LDR 00000nam 2200000 4500 =001 INLIS000000000000965 =005 20230314112937 =035 ##$$a 0010-0323000088 =007 ta =008 230314################g##########0#ind## =020 ##$$a 978-979-433-971-8 =082 ##$$a 297.412 5 =084 ##$$a 297.412 5 TAU s =100 #$$a Taufik Uieks =245 1#$$a 1001 Masjid di 5 Benua : $b dari Amsterdam Hingga Zanzibar /$c Taufik Uieks =250 ##$$a Cetakan 1 =260 ##$$a Bandung :$b Mizan Pustaka,$c 2016 =300 ##$$a 260 halaman : $b Ilustrasi ; $c 20,5 cm =650 #4$$a Masjid =520 ##$$a Buku ini memperkaya pengalaman batin akan perbedaan budaya dalam Islam tetapi tetap satu akidah.